<?xml version="1.0" encoding="UTF-8"?>
<collection xmlns="http://www.loc.gov/MARC21/slim">
 <record>
  <leader>01645nam a2200181Ia 4500</leader>
  <controlfield tag="001">TDMU_20154</controlfield>
  <controlfield tag="008">210410s9999    xx            000 0 und d</controlfield>
  <datafield tag="082" ind1=" " ind2=" ">
   <subfield code="a">959.704092</subfield>
  </datafield>
  <datafield tag="090" ind1=" " ind2=" ">
   <subfield code="b">NGH305</subfield>
  </datafield>
  <datafield tag="245" ind1=" " ind2="0">
   <subfield code="a">Nghiên cứu, xác minh tư liệu và địa chỉ Chủ tịch Hồ Chí Minh đã sống và hoạt động ở nước ngoài từ năm 1911 đến năm 1941</subfield>
  </datafield>
  <datafield tag="260" ind1=" " ind2=" ">
   <subfield code="b">Chính trị Quốc gia - Sự thật</subfield>
  </datafield>
  <datafield tag="260" ind1=" " ind2=" ">
   <subfield code="c">2011</subfield>
  </datafield>
  <datafield tag="300" ind1=" " ind2=" ">
   <subfield code="a">443tr.</subfield>
  </datafield>
  <datafield tag="520" ind1=" " ind2=" ">
   <subfield code="a">Đầu trang sách ghi: Bảo Tàng Hồ Chí Minh. Sở Văn hóa Thể thao và Du lịch Thành phố Hồ Chí Minh. Bảo Tàng Hồ Chí Minh - chi nhánh Thành phố Hồ Chí Minh; Nội dung được xây dựng trên cơ sở các tham luận tại hội thảo do Bảo tàng Hồ Chí Minh, Sở Văn hóa Thể thao và Du lịch Thành phố Hồ Chí Minh. Bảo Tàng Hồ Chí Minh - chi nhánh Thành phố Hồ Chí Minh tổ chức, tập trung vào việc xác minh các sự kiện liên quan đến hoạt động của Bác trong giai đoạn 1911 - 1941, đặc biệt chú trọng những vấn đề chưa có sự thống nhất. </subfield>
  </datafield>
  <datafield tag="650" ind1=" " ind2=" ">
   <subfield code="a">Hồ Chí Minh,</subfield>
   <subfield code="d">1890-1969; Chủ tịch</subfield>
   <subfield code="z">Việt Nam</subfield>
   <subfield code="x">Tiểu sử</subfield>
  </datafield>
  <datafield tag="700" ind1=" " ind2=" ">
   <subfield code="a">Bảo Tàng Hồ Chí Minh. Sở Văn hóa Thể thao và Du lịch Thành phố Hồ Chí Minh</subfield>
  </datafield>
  <datafield tag="856" ind1=" " ind2=" ">
   <subfield code="u">http://lrc.tdmu.edu.vn/opac/search/detail.asp?aID=2&amp;ID=20154</subfield>
  </datafield>
  <datafield tag="980" ind1=" " ind2=" ">
   <subfield code="a">Trung tâm Học liệu Trường Đại học Thủ Dầu Một</subfield>
  </datafield>
 </record>
</collection>
